| 000 | 00444nam a22001937a 4500 | ||
|---|---|---|---|
| 999 |
_c11576 _d11576 |
||
| 003 | OSt | ||
| 008 | 221007b ||||| |||| 00| 0 eng d | ||
| 020 | _a9789390709205 | ||
| 082 | _a610 JRS | ||
| 100 | _aJAIN,NK | ||
| 245 | _aSocial and Preventive Pharmacy | ||
| 250 | _a1st | ||
| 260 |
_aNew Delhi _bCBS _c2021 |
||
| 300 | _a324 | ||
| 650 | _aSocial Pharmacy | ||
| 700 | _aKHURANA,Shelly | ||
| 700 | _aKHURANA,Puneet | ||
| 942 |
_2ddc _cBK |
||